000
00325nam a2200145Ia 4500
008
230312s9999||||xx |||||||||||||| ||und||
020
_a
8-6302-0003-8
082
_a
720.19
_b
NAL-F
100
_a
Naldi; Giovanna
245
0
_a
Ostensione
260
_b
Alinari
_c
2008
300
_a
112
650
_a
Architecture
942
_c
BK
999
_c
11632
_d
11632